Understanding social work : preparing for practice (Record no. 3411)

MARC details
000 -LEADER
fixed length control field 00850ohm a2200181 a 4500
020 ## - INTERNATIONAL STANDARD BOOK NUMBER
ISBN 9780230221802
020 ## - INTERNATIONAL STANDARD BOOK NUMBER
ISBN 0230221807
050 ## - CALL NUMBER
Classification number HV40
Item number .T46
100 ## - AUTHOR
Personal name Thompson, Neil.
245 ## - TITLE
Title Understanding social work : preparing for practice
Statement of responsibility, etc Neil Thompson.
250 ## - EDITION
Edition statement 3rd ed
260 ## - PUBLICATION INFORMATION
Place of publication Basingstoke :
Name of publisher Palgrave Macmillan,
Year of publication 2009
300 ## - DESCRIPTION
Number of Pages xviii, 229 pages :
Other physical details illustrations ;
Dimensions 23 cm.
500 ## - NOTES
General note Previous ed.: 2005. <br/>Includes bibliographical references and index.<br/> .<br/>
505 ## - FORMATTED CONTENTS NOTE
Table of Content Preface to the Third Edition Acknowledgements Introduction Making Sense of Social Work The Legal and Policy Context The Knowledge Base The Skills Base The Value Base Achieving Good Practice Facing the Challenge Conclusion Guide to Further Learning Appendix: Internet Resources References Index
700 ## - OTHER AUTHORS
Personal name Thompson Niel
942 ## - ADDED ENTRY ELEMENTS (KOHA)
Koha item type Books
Holdings
Withdrawn status Lost status Collection code Home library Current library Shelving location Date acquired Full call number Accession Number Copy number Koha item type
    Reference Methodist University Library Main Methodist University Library Main General Stacks   HV40 .T46 34089 1 Books
Copyright © 2026  MUG Library